Op. 9 for viola

保存先:
書誌詳細
第一著者: Sevcik, Otakar (著者)
フォーマット: 図書
言語:ドイツ語
フランス語
英語
出版事項: Londres Bosworth 1990
主題:
タグ: タグ追加
タグなし, このレコードへの初めてのタグを付けませんか!

MARC

LEADER 00000nam a2200000 a 4500
001 UCI3953
003 CL-VaPUC
005 20250226095853.0
008 071207e19900000UK |||||||||||||||||ger|d
999 |c 327982  |d 327980 
040 |c Pontificia Universidad Católica de Valparaíso 
041 0 7 |a ger  |2 CL-VaPUC 
041 0 7 |a fre  |2 CL-VaPUC 
041 0 7 |a eng  |2 CL-VaPUC 
082 0 4 |a Va787.3 SEV 1990  |2 21 
100 0 |a Sevcik, Otakar  |e author  |9 525553 
245 1 0 |a Op. 9 for viola 
260 |a Londres  |b Bosworth  |c 1990 
300 |a 20 p 
500 |a Arreglos de Alan Arnold 
583 |a last modification  |c 20071207 00:00:00  |k Rodrigo Vera 
650 0 |a Música para viola  |9 357612 
650 0 |a Partituras  |9 324008 
942 |c BK  |2 ddc 
945 |d 20071207 00:00:00  |a jtorresc 
952 |0 0  |1 0  |2 ddc  |4 0  |6 VA_787_300000000000000_SEV_1990  |7 0  |8 X  |9 411614  |a BIBEDU  |b BIBEDU  |d 2019-11-22  |i 4390644  |o Va787.3 SEV 1990  |p 4390644  |r 2023-11-22  |w 2019-11-22  |y BK_X  |k MUS